Word Ladder: Pet Sounds Quiz Stats

 Plays Quiz Updated Jan 22, 2016

Challenge
Share
Tweet
Embed
Score 0/27 Timer 03:00
0 Plays Today
Clue 4-Letter Word % Correct
♪ Wouldn't It Be ____♪ NICE ♪
98.5%
Head pestsLICE
97.4%
Payment to one's landlordRENT
94.6%
FinishedDONE
94.1%
Military vehicleTANK
92.6%
Damage from a minor collisionDENT
91.7%
Saturday Night ____LIVE
91.7%
Type of ranger or wolfLONE
91.2%
Diatribe; to raveRANT
89.7%
♪ [Rung 7] [Rung 15] (Put Your ____ on My Shoulder) ♪♪ HEAD ♪
89.5%
Country singer ____ WilliamsHANK
89.1%
Called on the phoneRANG
88%
Gather cattleHERD
86.7%
♪ ____ [Rung 15] (Put Your [Rung 24] on My Shoulder) ♪♪ DON'T ♪
85.5%
Clue 4-Letter Word % Correct
'I'm Waiting for the Day' co-writer♪ LOVE ♪
83.5%
♪ ____ on to Your Ego ♪♪ HANG ♪
83.2%
Fairy ____TALE
82.3%
Heavy metalLEAD
77.9%
♪ I Just Wasn't ____ for These Times ♪♪ MADE ♪
73.1%
♪ [Rung 7] ____ (Put Your [Rung 24] on My Shoulder) ♪♪ TALK ♪
72.7%
♪ ____ Today ♪♪ HERE ♪
66.7%
City in the MaldivesMALÉ
65.7%
Most common number in a setMODE
64.9%
Utopia writer Sir Thomas ____MORE
63.4%
♪ ____ Go Away for Awhile ♪♪ LET'S ♪
61.7%
Grassy plainsLEAS
61.6%
Insignificant or trivialMERE
61.1%

Today's Daily Dose

Missing Word
TV HA - HZ

Word Ladder
Nordic Capital

On This Day
January 19th II

You're not logged in!

Compare scores with friends on all Sporcle quizzes.
OR
Log In

You Might Also Like...

Show Comments

Extras

Top Quizzes Today


Score Distribution

Your Account Isn't Verified!

In order to create a playlist on Sporcle, you need to verify the email address you used during registration. Go to your Sporcle Settings to finish the process.

Report this User

Report this user for behavior that violates our Community Guidelines.

Details: